Alone With God Alone (Record no. 61845)
[ view plain ]
| 000 -LEADER | |
|---|---|
| fixed length control field | 00561nam a2200229Ia 4500 |
| 003 - CONTROL NUMBER IDENTIFIER | |
| control field | 0100 |
| 008 - FIXED-LENGTH DATA ELEMENTS--GENERAL INFORMATION | |
| fixed length control field | 130303s9999 xx 000 0 und d |
| 040 ## - CATALOGING SOURCE | |
| Transcribing agency | ARRUPELIB |
| 050 ## - LIBRARY OF CONGRESS CALL NUMBER | |
| Classification number | BX2179.L9 1994 |
| 300 ## - PHYSICAL DESCRIPTION | |
| Other physical details | 268p. 21cm |
| 100 ## - MAIN ENTRY--PERSONAL NAME | |
| Personal name | Luis,M |
| 245 ## - TITLE STATEMENT | |
| Title | Alone With God Alone |
| 245 ## - TITLE STATEMENT | |
| Remainder of title | A Biblical 30-Day Retreat |
| 260 ## - PUBLICATION, DISTRIBUTION, ETC. (IMPRINT) | |
| Place of publication, distribution, etc | Gujarat |
| 260 ## - PUBLICATION, DISTRIBUTION, ETC. (IMPRINT) | |
| Name of publisher, distributor, etc | Gujarat Sahitya Prakash |
| 260 ## - PUBLICATION, DISTRIBUTION, ETC. (IMPRINT) | |
| -- | 1994 |
| 300 ## - PHYSICAL DESCRIPTION | |
| Extent | xvii |
| 650 ## - SUBJECT ADDED ENTRY--TOPICAL TERM | |
| Topical term following geographic name as entry element | christianity and other religions--Chinese |
| 650 ## - SUBJECT ADDED ENTRY--TOPICAL TERM | |
| Location of event | China--Religion |
| 700 ## - ADDED ENTRY--PERSONAL NAME | |
| Personal name | Bermejo S.J. |
| 942 ## - ADDED ENTRY ELEMENTS (KOHA) | |
| Source of classification or shelving scheme | Library of Congress Classification |
| Koha issues (borrowed), all copies | 1 |
| Withdrawn status | Lost status | Source of classification or shelving scheme | Damaged status | Not for loan | Collection code | Home library | Current library | Shelving location | Date acquired | Total Checkouts | Full call number | Barcode | Date last seen | Date checked out | Copy number | Price effective from | Koha item type |
|---|---|---|---|---|---|---|---|---|---|---|---|---|---|---|---|---|---|
| Library of Congress Classification | Main Collection | ARRUPE LIBRARY | ARRUPE LIBRARY | 05/03/2013 | 1 | BX2179.L9 1994 | 46003094680 | 22/11/2017 | 18/11/2013 | 1 | 05/03/2013 | Monograph ( Printed materials) |